000 00708nam a22002177a 4500
003 UA-OsUOA
001 53825
007 ta
008 20080506b un ||||| |||| 00| 0 ukr d
090 _a343.12(477)
_bП69
942 _cBK
040 _aUA-OsUOA
_bukr
_cUA-OsUOA
_dUA-OsUOA
245 _aПрактика розгляду судами кримінальних справ. Збірник постанов Пленуму ВСУ
_bСтаном на 1 січня 2004 року
300 _a544 с.
955 _a1
041 _aukr
080 _a343.12(477)
260 _aК.
_bАтіка
_c2004
650 7 _a343 Кримінальне право. Карні порушення
_2UDC
999 _c339916
_d339916